00222nam a2200109Ia 4500100001900000654000700019245002100026260002500047082002000072300000800092546001200100 aShell/Stanley  aPC aPC data Handbook bBPBaNew Delhic1992 a621.381954bSHE a359 aENGLISH